[Event "Nova Gorica op 27th"]
[Site "Nova Gorica"]
[Date "2023.03.20"]
[Round "6"]
[White "Di Lascio, Savino"]
[Black "Pisacane, Pietro"]
[Result "0-1"]
[WhiteElo "1755"]
[BlackElo "2129"]
[PlyCount "84"]
[EventDate "2023.03.16"]
[EventType "swiss"]
[EventRounds "9"]
[EventCountry "SLO"]
[SourceTitle "CBM 213 Extra"]
[Source "ChessBase"]
[SourceDate "2023.05.31"]
[SourceVersion "1"]
[SourceVersionDate "2023.05.31"]
[SourceQuality "1"]

1. Nf3 d5 2. g3 Nf6 3. Bg2 Bg4 4. 0-0 e6 5. d3 Be7 6. Nbd2 0-0 7. c4 c6 8. a3 Nbd7 9. b4 e5 10. e4 dxe4 11. Nxe4 Nxe4 12. dxe4 c5 13. Qb3 Bxf3 14. Bxf3 Qc7 15. Bb2 Rac8 16. Bg4 Rcd8 17. Bxd7 Rxd7 18. Rad1 Rfd8 19. b5 Rd2 20. Rxd2 Rxd2 21. Rd1 Qd6 22. Rxd2 Qxd2 23. Qc3 Qd1+ 24. Kg2 Bf6 25. Bc1 Qe2 26. Be3 b6 27. h3 h6 28. h4 Kh7 29. Qc1 Qd3 30. f3 Qe2+ 31. Bf2 g5 32. hxg5 Bxg5 33. Qf1 Qc2 34. Kh3 Kg6 35. Qg2 Qd3 36. a4 Qxc4 37. f4 Bf6 38. f5+ Kg7 39. Qf3 Bg5 40. Be3 Bxe3 41. Qxe3 Qf1+ 42. Kg4 h5+ 0-1

[Event "Nova Gorica op 27th"]
[Site "Nova Gorica"]
[Date "2023.03.19"]
[Round "4"]
[White "Vidmar, Klara"]
[Black "Pisacane, Pietro"]
[Result "0-1"]
[WhiteElo "1812"]
[BlackElo "2129"]
[PlyCount "112"]
[EventDate "2023.03.16"]
[EventType "swiss"]
[EventRounds "9"]
[EventCountry "SLO"]
[SourceTitle "CBM 213 Extra"]
[Source "ChessBase"]
[SourceDate "2023.05.31"]
[SourceVersion "1"]
[SourceVersionDate "2023.05.31"]
[SourceQuality "1"]

1. e4 e6 2. d4 d5 3. exd5 exd5 4. c4 Bb4+ 5. Nc3 Ne7 6. Bd3 Nbc6 7. Nf3 Bg4 8. Be3 dxc4 9. Bxc4 Nd5 10. 0-0 Bxc3 11. bxc3 0-0 12. Bd2 Nb6 13. Bd3 Bh5 14. Re1 Bg6 15. Bb5 Qd6 16. Qc1 f6 17. Nh4 Bf7 18. Nf5 Qd7 19. g4 Rfe8 20. Bd3 Rxe1+ 21. Qxe1 Re8 22. Qf1 Na5 23. Qh3 Bg6 24. Rb1 Nac4 25. Bf4 Qc6 26. Qg2 Nd5 27. Bg3 Bf7 28. Qh3 Bg6 29. Qg2 Ncb6 30. Bb5 Qxc3 31. Bxe8 Bxe8 32. Qe4 Bf7 33. g5 fxg5 34. Qe5 Nf6 35. Qxc7 Qxc7 36. Bxc7 Bxa2 37. Rb2 Be6 38. Bxb6 Bxf5 39. Bxa7 Be4 40. Bb8 Bc6 41. Be5 Nd5 42. Kf1 Kf7 43. Ke2 g6 44. Kd3 Ke6 45. h3 Kf5 46. Bg3 h5 47. Kc4 h4 48. Bd6 g4 49. hxg4+ Kxg4 50. Rb1 g5 51. Rg1+ Kf5 52. Re1 Kg4 53. Re5 Nf4 54. d5 Bxd5+ 55. Rxd5 Nxd5 56. Kxd5 Kf3 0-1

[Event "Nova Gorica op 27th"]
[Site "Nova Gorica"]
[Date "2023.03.18"]
[Round "3"]
[White "Pisacane, Pietro"]
[Black "Goroshkov, Maksym"]
[Result "0-1"]
[WhiteElo "2129"]
[BlackElo "2265"]
[PlyCount "40"]
[EventDate "2023.03.16"]
[EventType "swiss"]
[EventRounds "9"]
[EventCountry "SLO"]
[SourceTitle "CBM 213 Extra"]
[Source "ChessBase"]
[SourceDate "2023.05.31"]
[SourceVersion "1"]
[SourceVersionDate "2023.05.31"]
[SourceQuality "1"]

1. d4 Nf6 2. Bf4 d5 3. e3 e6 4. Nf3 Bd6 5. Bg3 Ne4 6. Nbd2 f5 7. Nxe4 fxe4 8. Ne5 0-0 9. f3 c5 10. fxe4 cxd4 11. Qxd4 Qa5+ 12. Qd2 Qc7 13. Nd3 Bxg3+ 14. hxg3 Qxg3+ 15. Nf2 dxe4 16. Rh3 Qe5 17. c3 b6 18. Nxe4 Qxe4 19. Bd3 Ba6 20. c4 Bxc4 0-1

[Event "Nova Gorica op 27th"]
[Site "Nova Gorica"]
[Date "2023.03.17"]
[Round "2"]
[White "Labrovic, Jakov"]
[Black "Pisacane, Pietro"]
[Result "0-1"]
[WhiteElo "1888"]
[BlackElo "2129"]
[PlyCount "146"]
[EventDate "2023.03.16"]
[EventType "swiss"]
[EventRounds "9"]
[EventCountry "SLO"]
[SourceTitle "CBM 213 Extra"]
[Source "ChessBase"]
[SourceDate "2023.05.31"]
[SourceVersion "1"]
[SourceVersionDate "2023.05.31"]
[SourceQuality "1"]

1. f4 d5 2. Nf3 g6 3. e3 Bg7 4. Nc3 Nh6 5. Be2 Nc6 6. d4 0-0 7. 0-0 f6 8. b3 Be6 9. Na4 Bf7 10. c4 e6 11. b4 Re8 12. b5 Nb8 13. c5 c6 14. Nc3 Nd7 15. e4 dxe4 16. Nxe4 Rf8 17. Nd6 Nf5 18. Nxb7 Qc7 19. bxc6 Qxc6 20. Na5 Qc7 21. Bd2 h5 22. Rb1 Rab8 23. Qa4 e5 24. Bb5 e4 25. Bxd7 exf3 26. gxf3 Rfd8 27. Bxf5 gxf5 28. Rxb8 Rxb8 29. Re1 Bh6 30. Qc6 Bxf4 31. Qxc7 Bxc7 32. Bc3 Kf8 33. Nc6 Rb7 34. Re2 Bd5 35. Nb4 Bxf3 36. Re3 Be4 37. Kf2 Bxh2 38. Rh3 Bf4 39. Rh4 Bg5 40. Rxh5 a5 41. Na6 Rb1 42. Nc7 Kf7 43. d5 Rc1 44. Bxa5 Rxc5 45. d6 Rxa5 46. Rh7+ Kg6 47. Rh8 Rxa2+ 48. Ke1 Bd2+ 49. Kf1 Bf4 50. Ne8 Ra1+ 51. Ke2 Ra2+ 52. Ke1 Bg3+ 53. Kd1 Bf3+ 54. Kc1 Bc6 55. Rg8+ Kf7 56. Rxg3 Kxe8 57. Rg7 Be4 58. Re7+ Kd8 59. Rf7 Ra6 60. Rxf6 Kd7 61. Rf7+ Ke6 62. d7 Rd6 63. Rf8 Rxd7 64. Re8+ Kf6 65. Rf8+ Ke5 66. Re8+ Kf4 67. Rg8 Kf3 68. Rg1 f4 69. Re1 Rd4 70. Kb2 Rc4 71. Kb3 Rc8 72. Rf1+ Kg3 73. Rg1+ Bg2 0-1

[Event "ITA-ch sf 81st"]
[Site "Acqui Terme"]
[Date "2022.06.18"]
[Round "8"]
[White "Pisacane, Pietro"]
[Black "Franciosi, Fausto"]
[Result "1-0"]
[WhiteElo "2138"]
[BlackElo "2204"]
[PlyCount "79"]
[EventDate "2022.06.12"]
[EventType "swiss"]
[EventRounds "9"]
[EventCountry "ITA"]
[SourceTitle "CBM 208 Extra"]
[Source "ChessBase"]
[SourceDate "2022.07.31"]
[SourceVersion "1"]
[SourceVersionDate "2022.07.31"]
[SourceQuality "1"]

1. d4 Nf6 2. c4 g6 3. Nc3 Bg7 4. e4 d6 5. Nf3 0-0 6. Be2 e5 7. 0-0 Nbd7 8. Be3 Ng4 9. Bg5 f6 10. Bh4 g5 11. Bg3 Nh6 12. dxe5 dxe5 13. Qc2 Nc5 14. Rfd1 Qe8 15. Nd5 Ne6 16. c5 Kh8 17. h3 Ng8 18. Rac1 Ne7 19. b4 h5 20. b5 c6 21. Nxe7 Qxe7 22. a4 Re8 23. bxc6 bxc6 24. Rd6 Kh7 25. Rcd1 Bf8 26. Bxe5 fxe5 27. Nxe5 Qg7 28. Nxc6 Bxd6 29. e5+ Kh8 30. exd6 Bd7 31. Ne7 Rxe7 32. dxe7 Qxe7 33. Qg6 Nxc5 34. Qh6+ Qh7 35. Qxg5 Rc8 36. Rd6 Be6 37. Rd8+ Rxd8 38. Qxd8+ Bg8 39. Qd4+ Qg7 40. Qxc5 1-0

[Event "Cattolica Vergani Cup"]
[Site "Cattolica"]
[Date "2021.12.28"]
[Round "4"]
[White "Pisacane, Pietro"]
[Black "Carletti, Angelo"]
[Result "1-0"]
[WhiteElo "2160"]
[BlackElo "1956"]
[PlyCount "111"]
[EventDate "2021.12.26"]
[EventType "swiss"]
[EventRounds "9"]
[EventCountry "ITA"]
[SourceTitle "EXT 2023"]
[Source "ChessBase"]
[SourceDate "2022.10.05"]
[SourceVersion "1"]
[SourceVersionDate "2022.10.05"]
[SourceQuality "1"]

1. d4 d5 2. Bf4 Nf6 3. e3 e6 4. Nf3 Bd6 5. Bg3 0-0 6. Nbd2 c5 7. c3 Nc6 8. Bd3 b6 9. Qe2 Qc7 10. e4 dxe4 11. Nxe4 Nxe4 12. Bxe4 f5 13. Bxd6 Qxd6 14. dxc5 Qxc5 15. Bc2 Qe7 16. 0-0 Kh8 17. Rfe1 Re8 18. Qb5 Bd7 19. Qe2 e5 20. Ba4 e4 21. Bxc6 Bxc6 22. Nd4 Qf6 23. Qd2 Bb7 24. Qf4 g6 25. a4 a6 26. Rad1 Rad8 27. h4 Qe5 28. Qxe5+ Rxe5 29. f4 Red5 30. Kf2 Kg8 31. Ke3 Kf7 32. Rd2 R5d6 33. Red1 Kf6 34. a5 b5 35. Rc1 Bd5 36. b3 Rc8 37. Rdc2 Be6 38. c4 bxc4 39. bxc4 Rc5 40. Rc3 Rxa5 41. c5 Rd7 42. c6 Rc7 43. Rb1 Bd5 44. Rb2 Ke7 45. Rbc2 Kd6 46. g3 Ra2 47. Rxa2 Bxa2 48. g4 fxg4 49. f5 gxf5 50. Nxf5+ Ke5 51. Rc5+ Ke6 52. Kd4 Bb1 53. Re5+ Kf6 54. Ne3 Rxc6 55. Nxg4+ Kg7 56. Re7+ 1-0

[Event "Cattolica Vergani Cup"]
[Site "Cattolica"]
[Date "2021.12.27"]
[Round "3"]
[White "Battisti, Joseph"]
[Black "Pisacane, Pietro"]
[Result "0-1"]
[WhiteElo "1832"]
[BlackElo "2160"]
[PlyCount "144"]
[EventDate "2021.12.26"]
[EventType "swiss"]
[EventRounds "9"]
[EventCountry "ITA"]
[SourceTitle "EXT 2023"]
[Source "ChessBase"]
[SourceDate "2022.10.05"]
[SourceVersion "1"]
[SourceVersionDate "2022.10.05"]
[SourceQuality "1"]

1. e4 e6 2. d4 d5 3. e5 c5 4. c3 Qb6 5. a3 Nh6 6. Bd3 Nc6 7. Nf3 cxd4 8. cxd4 Bd7 9. Bc2 Nf5 10. Bxf5 exf5 11. Nc3 Be6 12. 0-0 Rc8 13. Qd3 Na5 14. Rb1 Be7 15. h4 0-0 16. Re1 Nb3 17. Be3 Rc4 18. g3 Rfc8 19. Nd2 Nxd2 20. Qxd2 f4 21. Bxf4 Rxd4 22. Qe2 Rdc4 23. Qd3 Qc6 24. Bd2 g6 25. Rbc1 b5 26. Ne2 Bf5 27. Qb3 Bc5 28. Nf4 a5 29. Qf3 Be4 30. Qg4 Bf5 31. Qf3 Be4 32. Qg4 Bd4 33. Rxc4 bxc4 34. Bc3 Bxc3 35. bxc3 Bf5 36. Qf3 Be4 37. Qe3 Qc5 38. Qxc5 Rxc5 39. Ne2 Rb5 40. f3 Bd3 41. Nd4 Rb3 42. e6 fxe6 43. Rxe6 Rxc3 44. Rd6 Rxa3 45. Rxd5 Ra2 46. Nc6 a4 47. Nb4 Rd2 48. Ra5 c3 49. Rxa4 c2 50. Ra8+ Kg7 51. Rc8 Bf5 52. Rc7+ Kg8 53. g4 Rd1+ 54. Kf2 c1Q 55. Rxc1 Rxc1 56. gxf5 gxf5 57. Nd5 Kf7 58. Kg3 Ke6 59. Nf4+ Kd6 60. Ne2 Rc4 61. Nf4 Ra4 62. Nh3 Ke5 63. Ng5 h6 64. Nh3 Rd4 65. Nf2 Rd2 66. Nh3 Rd8 67. Ng1 Rg8+ 68. Kf2 Rxg1 69. Kxg1 f4 70. Kg2 h5 71. Kf2 Kd4 72. Ke2 Kc3 0-1

[Event "Cattolica Vergani Cup"]
[Site "Cattolica"]
[Date "2021.12.27"]
[Round "2"]
[White "Pisacane, Pietro"]
[Black "Buanne, Luca"]
[Result "0-1"]
[WhiteElo "2160"]
[BlackElo "1880"]
[PlyCount "136"]
[EventDate "2021.12.26"]
[EventType "swiss"]
[EventRounds "9"]
[EventCountry "ITA"]
[SourceTitle "EXT 2023"]
[Source "ChessBase"]
[SourceDate "2022.10.05"]
[SourceVersion "1"]
[SourceVersionDate "2022.10.05"]
[SourceQuality "1"]

1. d4 Nf6 2. Bf4 d5 3. e3 c5 4. c3 Qb6 5. Qb3 c4 6. Qc2 Nc6 7. Nd2 Bg4 8. e4 e6 9. f3 Bh5 10. Ne2 Bg6 11. Bg3 h6 12. Bf2 Qc7 13. Qa4 b5 14. Qc2 Be7 15. g3 0-0 16. Bg2 Rfe8 17. 0-0 a5 18. f4 Bh7 19. h3 h5 20. Be3 Qd7 21. Bf3 Kh8 22. g4 hxg4 23. hxg4 dxe4 24. Nxe4 Bxe4 25. Bxe4 Nxg4 26. Ng3 Bh4 27. Qg2 Nxe3 28. Bxc6 Qe7 29. Qh1 Nxf1 30. Rxf1 Kg8 31. Bxa8 Bxg3 32. Bc6 Rb8 33. Qh5 Qh4 34. Qxh4 Bxh4 35. f5 Rb6 36. d5 exd5 37. Bxd5 Rd6 38. Rd1 Kf8 39. Kg2 Ke7 40. Kf3 Kf6 41. Ke4 Rd8 42. Rd2 Bg5 43. Rf2 Re8+ 44. Kf3 Re5 45. Be4 Re8 46. Bc6 Re3+ 47. Kg4 b4 48. cxb4 axb4 49. Rc2 c3 50. a4 b3 51. Rxc3 Rxc3 52. bxc3 Ke5 53. Kf3 Kxf5 54. a5 Bd8 55. a6 Bb6 56. Bd5 b2 57. Ba2 Ba7 58. Ke2 g5 59. Kf3 g4+ 60. Kg3 Bb8+ 61. Kg2 Kf4 62. c4 Ba7 63. Bb1 g3 64. Bc2 f5 65. Bb1 Kg4 66. Bc2 f4 67. Bd1+ f3+ 68. Bxf3+ Kf4 0-1

[Event "Cattolica Vergani Cup"]
[Site "Cattolica"]
[Date "2021.12.26"]
[Round "1"]
[White "Barp, Alberto"]
[Black "Pisacane, Pietro"]
[Result "1-0"]
[WhiteElo "2408"]
[BlackElo "2160"]
[PlyCount "79"]
[EventDate "2021.12.26"]
[EventType "swiss"]
[EventRounds "9"]
[EventCountry "ITA"]
[SourceTitle "CBM 206 Extra"]
[Source "ChessBase"]
[SourceDate "2022.03.31"]
[SourceVersion "1"]
[SourceVersionDate "2022.03.31"]
[SourceQuality "1"]

1. d4 d5 2. c4 e6 3. Nf3 a6 4. Bg5 Be7 5. Bxe7 Qxe7 6. Qc2 Nf6 7. g3 0-0 8. Bg2 Nc6 9. Nbd2 e5 10. dxe5 Nxe5 11. Nxe5 Qxe5 12. cxd5 Nxd5 13. 0-0 Nb4 14. Qc3 Qxc3 15. bxc3 Nc2 16. Rac1 Na3 17. Nb3 Nc4 18. Rfd1 Rb8 19. Bd5 Nb6 20. c4 c6 21. Bf3 Be6 22. Na5 Rfc8 23. Rd2 Na4 24. c5 Kf8 25. Kg2 Nxc5 26. Rxc5 b6 27. Rxc6 bxa5 28. Rxa6 Rc5 29. a4 Ke7 30. Bc6 Bc4 31. Ra7+ Kf6 32. Bb5 Bxb5 33. axb5 Kg6 34. Rd6+ f6 35. Rdd7 Rbxb5 36. Rxg7+ Kf5 37. Rxh7 Ke5 38. Ra6 f5 39. Rhh6 Kd4 40. h4 1-0

[Event "ITA-ch blitz"]
[Site "Chianciano Terme"]
[Date "2018.04.01"]
[Round "3"]
[White "Pisacane, Pietro"]
[Black "Godena, Michele"]
[Result "0-1"]
[WhiteElo "2153"]
[BlackElo "2505"]
[PlyCount "55"]
[EventDate "2018.04.01"]
[EventType "swiss (blitz)"]
[EventRounds "11"]
[EventCountry "ITA"]
[SourceTitle "CBM 183 Extra"]
[Source "ChessBase"]
[SourceDate "2018.04.19"]
[SourceVersion "1"]
[SourceVersionDate "2018.04.19"]
[SourceQuality "1"]

1. d4 d5 2. c4 dxc4 3. Nf3 Nf6 4. e3 a6 5. a4 Nc6 6. Bxc4 Bg4 7. 0-0 e6 8. Nc3 Bd6 9. h3 Bh5 10. b3 0-0 11. Bb2 Qe7 12. Qe2 e5 13. d5 e4 14. dxc6 exf3 15. gxf3 Qe5 16. f4 Bxe2 17. fxe5 Bxf1 18. cxb7 Ra7 19. Bxf1 Bxe5 20. Nb5 Bxb2 21. Nxa7 Bxa1 22. Nc6 Nd7 23. Bxa6 Bc3 24. b4 Nb8 25. b5 Nxc6 26. bxc6 Rd8 27. Bd3 g6 28. Be2 0-1

[Event "Montesilvano Adriatico op 10th"]
[Site "Montesilvano"]
[Date "2016.09.17"]
[Round "3"]
[White "Pisacane, Pietro"]
[Black "Juhasz, Armin"]
[Result "1/2-1/2"]
[WhiteElo "2190"]
[BlackElo "2406"]
[PlyCount "63"]
[EventDate "2016.09.16"]
[EventType "swiss"]
[EventRounds "5"]
[EventCountry "ITA"]
[SourceTitle "CBM 174 Extra"]
[Source "ChessBase"]
[SourceDate "2016.10.10"]
[SourceVersion "1"]
[SourceVersionDate "2016.10.10"]
[SourceQuality "1"]

1. d4 Nf6 2. c4 g6 3. Nc3 Bg7 4. e4 d6 5. Be2 0-0 6. Nf3 Na6 7. 0-0 e5 8. Be3 Ng4 9. Bg5 Qe8 10. d5 f5 11. Nd2 Bf6 12. Bxf6 Nxf6 13. a3 Nc5 14. Qc2 fxe4 15. Ndxe4 Nfxe4 16. Nxe4 Bf5 17. Bd3 Bxe4 18. Bxe4 Rf4 19. f3 Qe7 20. g3 Rf7 21. b4 Nd7 22. Qd2 Kg7 23. Rac1 a5 24. Qe3 b6 25. Kg2 Rff8 26. h4 axb4 27. axb4 Ra2+ 28. Rc2 Rfa8 29. Rxa2 Rxa2+ 30. Rf2 Rxf2+ 31. Kxf2 Nf6 32. Kg2 1/2-1/2

[Event "Terre degli Elimi op 7th"]
[Site "Erice"]
[Date "2016.08.04"]
[Round "9"]
[White "Manakova, Maria"]
[Black "Pisacane, Pietro"]
[Result "1/2-1/2"]
[WhiteElo "2274"]
[BlackElo "2190"]
[PlyCount "68"]
[EventDate "2016.07.28"]
[EventType "swiss"]
[EventRounds "9"]
[EventCountry "ITA"]
[SourceTitle "EXT 2017"]
[Source "ChessBase"]
[SourceDate "2016.10.25"]
[SourceVersion "1"]
[SourceVersionDate "2016.10.25"]
[SourceQuality "1"]

1. e4 e6 2. d4 d5 3. Nc3 Nf6 4. e5 Nfd7 5. f4 c5 6. Nf3 Nc6 7. Be3 cxd4 8. Nxd4 Bc5 9. Qd2 0-0 10. 0-0-0 a6 11. Nb3 Bxe3 12. Qxe3 b5 13. Bd3 b4 14. Na4 a5 15. Qh3 g6 16. Qe3 Ba6 17. h4 Bxd3 18. cxd3 Qb8 19. h5 Rc8 20. Kb1 Qb5 21. hxg6 fxg6 22. Qh3 Nf8 23. Rc1 Qxa4 24. Nc5 Qb5 25. Nxe6 Qb7 26. Nxf8 Kxf8 27. f5 Nxe5 28. Rcf1 Kg8 29. fxg6 Nxg6 30. Qe6+ Kg7 31. Qf6+ Kg8 32. Qe6+ Kg7 33. Qf6+ Kg8 34. Qe6+ Kg7 1/2-1/2

[Event "Terre degli Elimi op 7th"]
[Site "Erice"]
[Date "2016.08.02"]
[Round "7"]
[White "Ciampi, Vincenzo"]
[Black "Pisacane, Pietro"]
[Result "0-1"]
[WhiteElo "1985"]
[BlackElo "2190"]
[PlyCount "78"]
[EventDate "2016.07.28"]
[EventType "swiss"]
[EventRounds "9"]
[EventCountry "ITA"]
[SourceTitle "EXT 2017"]
[Source "ChessBase"]
[SourceDate "2016.10.25"]
[SourceVersion "1"]
[SourceVersionDate "2016.10.25"]
[SourceQuality "1"]

1. Nf3 Nf6 2. c4 g6 3. Nc3 Bg7 4. e4 d6 5. d4 0-0 6. Be2 e5 7. 0-0 Na6 8. Bg5 h6 9. Be3 Ng4 10. Bc1 Re8 11. dxe5 dxe5 12. h3 Nf6 13. Be3 Qxd1 14. Rfxd1 c6 15. Rac1 Bf8 16. Nd2 Nc5 17. Kf1 a5 18. b3 Ne6 19. Na4 Nd4 20. Nb6 Rb8 21. c5 Nd7 22. Nxc8 Rbxc8 23. Bg4 Rcd8 24. Bxd7 Rxd7 25. Nc4 Bxc5 26. Nxa5 Ba3 27. Rb1 Bf8 28. Nc4 f6 29. f3 b5 30. Bxd4 exd4 31. Nb2 Ba3 32. Nd3 c5 33. Nf4 c4 34. bxc4 bxc4 35. Nd5 Rxd5 36. exd5 c3 37. Rbc1 Bxc1 38. Rxc1 d3 39. Re1 Rd8 0-1

[Event "Terre degli Elimi op 7th"]
[Site "Erice"]
[Date "2016.08.01"]
[Round "5"]
[White "Paulet, Iozefina"]
[Black "Pisacane, Pietro"]
[Result "1-0"]
[WhiteElo "2249"]
[BlackElo "2190"]
[PlyCount "105"]
[EventDate "2016.07.28"]
[EventType "swiss"]
[EventRounds "9"]
[EventCountry "ITA"]
[SourceTitle "EXT 2017"]
[Source "ChessBase"]
[SourceDate "2016.10.25"]
[SourceVersion "1"]
[SourceVersionDate "2016.10.25"]
[SourceQuality "1"]

1. d4 Nf6 2. Bg5 e6 3. Nf3 d5 4. e3 c5 5. c3 Nc6 6. Nbd2 Be7 7. Bd3 0-0 8. h4 b6 9. Ne5 Nxe5 10. dxe5 Nd7 11. f4 f6 12. Qh5 f5 13. g4 c4 14. Bc2 Nc5 15. gxf5 exf5 16. 0-0-0 Qe8 17. Qxe8 Rxe8 18. Bxe7 Rxe7 19. Nf3 g6 20. Rhg1 Kf8 21. Nd4 Bd7 22. Rg5 Ne6 23. Nxe6+ Bxe6 24. h5 Kf7 25. Rh1 Rg8 26. hxg6+ hxg6 27. Rh6 Rc7 28. Bd1 Rcc8 29. Kd2 b5 30. Bf3 a5 31. Rg1 Rb8 32. Kc2 b4 33. Rd1 Rb5 34. Rh7+ Rg7 35. Rh8 Rg8 36. Rdh1 Rxh8 37. Rxh8 Ke7 38. Ra8 Bd7 39. Ra7 bxc3 40. Kxc3 a4 41. Bd1 a3 42. bxa3 Rb1 43. Ba4 Rc1+ 44. Kb2 Re1 45. Rxd7+ Kf8 46. Rxd5 Rxe3 47. Rd4 Re2+ 48. Bc2 g5 49. fxg5 Rxe5 50. Rf4 Kg7 51. Rxf5 Re2 52. Rc5 Rg2 53. a4 1-0

[Event "Terre degli Elimi op 7th"]
[Site "Erice"]
[Date "2016.07.31"]
[Round "4"]
[White "Favaloro, Andrea"]
[Black "Pisacane, Pietro"]
[Result "1/2-1/2"]
[WhiteElo "2209"]
[BlackElo "2190"]
[PlyCount "74"]
[EventDate "2016.07.28"]
[EventType "swiss"]
[EventRounds "9"]
[EventCountry "ITA"]
[SourceTitle "EXT 2017"]
[Source "ChessBase"]
[SourceDate "2016.10.25"]
[SourceVersion "1"]
[SourceVersionDate "2016.10.25"]
[SourceQuality "1"]

1. e4 e6 2. d4 d5 3. Nd2 dxe4 4. Nxe4 Nd7 5. Nf3 Ngf6 6. Nxf6+ Nxf6 7. Bd3 c5 8. Be3 Qc7 9. Qe2 Bd6 10. 0-0-0 Bd7 11. dxc5 Bxc5 12. Bxc5 Qxc5 13. Ne5 Bc6 14. Nxc6 bxc6 15. h4 a5 16. Rh3 a4 17. a3 Rb8 18. c3 Nd5 19. Qe5 Ke7 20. Qg5+ Kd6 21. Rd2 f6 22. Qg4 Kc7 23. Qxa4 Rhd8 24. Rg3 g6 25. h5 g5 26. Qe4 Nf4 27. Qe3 Qxe3 28. Rxe3 h6 29. g3 Nxd3+ 30. Rexd3 Rxd3 31. Rxd3 g4 32. c4 c5 33. f3 gxf3 34. Rxf3 f5 35. g4 fxg4 36. Rf7+ Kd6 37. Rg7 Rb3 1/2-1/2

[Event "Terre degli Elimi op 7th"]
[Site "Erice"]
[Date "2016.07.29"]
[Round "2"]
[White "Sonis, Francesco"]
[Black "Pisacane, Pietro"]
[Result "1/2-1/2"]
[WhiteElo "2422"]
[BlackElo "2190"]
[PlyCount "88"]
[EventDate "2016.07.28"]
[EventType "swiss"]
[EventRounds "9"]
[EventCountry "ITA"]
[SourceTitle "EXT 2017"]
[Source "ChessBase"]
[SourceDate "2016.10.25"]
[SourceVersion "1"]
[SourceVersionDate "2016.10.25"]
[SourceQuality "1"]

1. Nf3 Nf6 2. g3 g6 3. b3 Bg7 4. Bb2 0-0 5. Bg2 c5 6. c4 Nc6 7. 0-0 d5 8. cxd5 Nxd5 9. Bxg7 Kxg7 10. d4 cxd4 11. Nxd4 Ndb4 12. Nxc6 Nxc6 13. Qc1 Qd4 14. Nc3 Be6 15. Rd1 Qe5 16. Rd3 Rfd8 17. Re3 Qc5 18. Ne4 Qxc1+ 19. Rxc1 Nb4 20. Nc5 Bf5 21. g4 Bxg4 22. Bxb7 Rab8 23. Re4 Nxa2 24. Ra1 Bc8 25. Bxc8 Rdxc8 26. Rc4 Nb4 27. Rxa7 Nc6 28. Ra2 Ne5 29. Rc3 Kg8 30. Rac2 Rb6 31. Re3 Nc6 32. Na4 Rbb8 33. Rc5 Nd4 34. Rxc8+ Rxc8 35. Rxe7 Nxb3 36. Nb6 Rc6 37. Nd7 Nd4 38. Kg2 Re6 39. Rxe6 Nxe6 40. e4 Nf8 41. Nf6+ Kg7 42. Ne8+ Kh6 43. Kg3 Nd7 44. Kf4 f6 1/2-1/2

[Event "Terre degli Elimi op 6th"]
[Site "Erice"]
[Date "2015.08.03"]
[Round "8"]
[White "Pisacane, Pietro"]
[Black "Ferro, Mario"]
[Result "0-1"]
[WhiteElo "2127"]
[BlackElo "2303"]
[PlyCount "142"]
[EventDate "2015.07.28"]
[EventType "swiss"]
[EventRounds "9"]
[EventCountry "ITA"]
[SourceTitle "EXT 2017"]
[Source "ChessBase"]
[SourceDate "2016.10.25"]
[SourceVersion "1"]
[SourceVersionDate "2016.10.25"]
[SourceQuality "1"]

1. d4 Nf6 2. c4 b6 3. Nf3 Bb7 4. Nbd2 g6 5. g3 d6 6. Bg2 e5 7. d5 Bg7 8. 0-0 0-0 9. e4 a5 10. Rb1 Na6 11. Qc2 Qe8 12. Ne1 Nb4 13. Qb3 Nh5 14. Nd3 f5 15. Nxb4 axb4 16. Qxb4 Rxa2 17. Qb3 Ra7 18. Qd3 Bc8 19. h3 Nf6 20. b4 fxe4 21. Qe2 Ra2 22. Rb2 Rxb2 23. Bxb2 Qa4 24. Rb1 Bh6 25. Nxe4 Nxe4 26. Bxe4 Bxh3 27. b5 Bf5 28. Ra1 Qb4 29. Bxf5 gxf5 30. Ra7 Rf7 31. Qh5 Qe1+ 32. Kg2 Qd2 33. Ba3 Qg5 34. Ra8+ Kg7 35. Qxg5+ Bxg5 36. Bb2 Bf6 37. f3 h5 38. Rc8 f4 39. gxf4 exf4 40. Bc1 Bc3 41. Kh3 Kg6 42. Re8 Kf5 43. Rc8 Bf6 44. Bd2 Re7 45. Rf8 Kg5 46. Bxf4+ Kxf4 47. Rxf6+ Ke5 48. Rh6 Kd4 49. Re6 Rg7 50. Re4+ Kd3 51. Kh4 Rf7 52. Kg3 Rf5 53. Kf2 Rg5 54. Kf1 Rg8 55. Kf2 Ra8 56. Kg3 Ra1 57. Kh4 Rh1+ 58. Kg3 Rf1 59. Rf4 Rc1 60. Kh4 Ke3 61. Kg5 Rg1+ 62. Kf5 Rg7 63. Rh4 Rf7+ 64. Ke6 Rf4 65. Rxh5 Kxf3 66. Rf5 Rxf5 67. Kxf5 Ke3 68. Ke6 Kd4 69. Kd7 Kxc4 70. Kxc7 Kc5 71. Kb7 Kxb5 0-1

[Event "Terre degli Elimi op 6th"]
[Site "Erice"]
[Date "2015.08.02"]
[Round "7"]
[White "Madiai, Federico"]
[Black "Pisacane, Pietro"]
[Result "1-0"]
[WhiteElo "2227"]
[BlackElo "2127"]
[PlyCount "105"]
[EventDate "2015.07.28"]
[EventType "swiss"]
[EventRounds "9"]
[EventCountry "ITA"]
[SourceTitle "EXT 2017"]
[Source "ChessBase"]
[SourceDate "2016.10.25"]
[SourceVersion "1"]
[SourceVersionDate "2016.10.25"]
[SourceQuality "1"]

1. e4 e6 2. d4 d5 3. Nd2 Nf6 4. e5 Nfd7 5. f4 c5 6. c3 Nc6 7. Ndf3 Qb6 8. a3 Be7 9. b4 cxd4 10. cxd4 a6 11. Ra2 Qc7 12. Bd3 b5 13. Ne2 Nb6 14. 0-0 Nc4 15. Nc3 Qb6 16. Kh1 f5 17. Bxc4 bxc4 18. Na4 Qc7 19. Ng5 g6 20. Be3 h6 21. Nf3 Rg8 22. Rg1 h5 23. Bf2 Bd7 24. Qc2 Rb8 25. Rb1 Na7 26. Nc5 Bxc5 27. dxc5 Kf7 28. h3 Rh8 29. Bh4 a5 30. Bf6 Rhc8 31. g4 d4 32. Nxd4 Bc6+ 33. Nxc6 Qxc6+ 34. Qg2 Qxg2+ 35. Rxg2 h4 36. gxf5 exf5 37. Rd1 Rc7 38. Rdg1 Rg8 39. Rc2 axb4 40. axb4 Rb8 41. Rxc4 Nc6 42. Rb1 Rcb7 43. Bxh4 Rxb4 44. Rbxb4 Rxb4 45. Rxb4 Nxb4 46. Kh2 Ke6 47. Kg3 Na6 48. c6 Kd5 49. Be7 Kxc6 50. Bd6 Kd7 51. Kh4 Ke6 52. Kg5 Kf7 53. Kh6 1-0

[Event "Terre degli Elimi op 6th"]
[Site "Erice"]
[Date "2015.07.30"]
[Round "4"]
[White "Pisacane, Pietro"]
[Black "Bentivegna, Francesco"]
[Result "1/2-1/2"]
[WhiteElo "2127"]
[BlackElo "2304"]
[PlyCount "31"]
[EventDate "2015.07.28"]
[EventType "swiss"]
[EventRounds "9"]
[EventCountry "ITA"]
[SourceTitle "EXT 2017"]
[Source "ChessBase"]
[SourceDate "2016.10.25"]
[SourceVersion "1"]
[SourceVersionDate "2016.10.25"]
[SourceQuality "1"]

1. d4 d5 2. Nf3 Nf6 3. c4 dxc4 4. e3 Bg4 5. Bxc4 e6 6. 0-0 a6 7. b3 Nc6 8. Bb2 Bd6 9. Be2 0-0 10. Nbd2 Nd5 11. Nc4 f5 12. Nfe5 Bxe2 13. Qxe2 Nxe5 14. dxe5 Be7 15. Rad1 Qe8 16. e4 1/2-1/2